Football symbols Quiz Stats

 Plays Quiz not verified by Sporcle

Score 0/32 Timer 10:00
0 Plays Today
% Correct
giants
96.9%
lions
96.9%
patriots
96.9%
browns
96.9%
bears
93.8%
panthers
93.8%
packers
93.8%
cowboys
93.8%
jets
93.8%
vikings
93.8%
seahawks
93.8%
rams
90.6%
saints
90.6%
texans
90.6%
raiders
90.6%
dolphins
90.6%
% Correct
chargers
87.5%
broncos
87.5%
eagles
87.5%
redskins
87.5%
falcons
87.5%
steelers
87.5%
colts
84.4%
titans
84.4%
cardinals
84.4%
jaguars
84.4%
ravens
81.3%
buccaneers
81.3%
bengals
78.1%
bills
78.1%
chiefs
75%
forty-niners
59.4%

You're not logged in!

Compare scores with friends on all Sporcle quizzes.
OR
Log In

Show Comments

Extras

Created Nov 6, 2010ReportNominate
Tags:Football Quiz, symbol

Top Quizzes Today


Score Distribution

Your Account Isn't Verified!

In order to create a playlist on Sporcle, you need to verify the email address you used during registration. Go to your Sporcle Settings to finish the process.

Report this User

Report this user for behavior that violates our Community Guidelines.

Details: